000 00638nam a2200193 u 4500
005 20240919063954.0
008 180626s2013 r 000 0 eng d
035 _aUPN01000225756
049 _aF
050 4 _aJL1298 R4
_bS4.6
245 0 4 _aLos sentimientos de la nación dieron profundidad a la lucha libertaria :
_b30 de septiembre de 2013.
260 _aMéxico :
_bPRI,
_c2013.
300 _a23 p. :
_bil. col.
440 0 _aDiscursos de la transformación
610 2 4 _aPartido Revolucionario Institucional (México)
_96042
651 7 _aMéxico
_xPolítica y gobierno
_y2000-
_2
_918481
905 _aLibro
999 _c197852
_d197852